Prt̀ica do Processo Trabalhista

Detalles Bibliográficos
Autor principal: Tostes Malta, Christovô Piragibe
Formato: Libro
Lenguaje:portugués
Publicado: Sô Paulo LTR Editora 2012
Materias:
Acceso en línea:Acceso restringido

MARC

LEADER 00000nam a22000007a 4500
005 20151105105731.0
007 cr|||| ||u|
008 151105s2012 bl ||||| |||| 00| 0 por d
020 |a 978-85-361-2085-8 
035 |a 12895 
040 |a vLex 
090 |c 5666  |d 5666 
100 |a Tostes Malta, Christovô Piragibe  
245 1 0 |a Prt̀ica do Processo Trabalhista  |h [Recurso electrn̤ico] /  |c Christovô Piragibe Tostes Malta 
256 |a Servicio en ln̕ea 
260 |a Sô Paulo  |b LTR Editora  |c 2012 
300 |a 1 recurso electrn̤ico (36® ediȯ̂ - 2012 744 pags) 
506 1 |a Contenido solo disponible en los productos indicados  |d vLex Global  |d vLex Global (Academic Edition, excluding Law Schools)  |d vLex Global (U.S. Academic Edition, Law Schools)  |d vLex Global (U.S. Academic Edition, excluding Law Schools)  |d vLex Global (Academic Edition, Law Schools) 
650 0 4 |a Procedimiento del trabajo  |z Brasil 
740 0 |a vLex libros (servicio en ln̕ea) 
856 4 0 |u http://vlex.com/source/pratica-processo-trabalhista-12895  |z Acceso restringido  
942 |c BOOK 
999 0 |a Labor courts